000 00491nam a2200145Ia 4500
008 100122s9999 xx 000 0 und d
082 _b17263
_aNill
100 _aसोहोनी श्री वि
245 _aरेडिओ दुरुस्ती
260 _bसाहित्य व संस्कृती मंडळ
_c1969
300 _a519
630 _aरेडिओ दुरुस्ती
730 _aरेडिओ दुरुस्ती
942 _cBOOK
999 _c407044
_d407041